Fußball WM Gastgeberland? #5 - Statistiken

Allgemein
  • Dieses Quiz wurde 184 mal gespielt
  • Das Durchschnittsergebnis liegt bei 7 aus 8
Antwortstatistiken
Hint Antwort % Korrekt
Deutschland Ja
97%
USA Ja
93%
Argentinien Ja
92%
Kamerun Nein
92%
Kuwait Nein
91%
Griechenland Nein
83%
Ukraine Nein
82%
Ungarn Nein
63%
Keine übereinstimmenden Quizze gefunden
Verteilung der Resultate
Anzahl Personen mit jedem Resultat
Perzentil nach korrekt beantworteten Fragen
Ihre Resultats-Entwicklung
Sie haben dieses Quiz noch nicht gespielt